Kvalitní zaměstnavatel spokojený zaměstnanec

Čo robí zamestnávateľa kvalitným. Obavy zamestnancov. Starnutie populácie a zamestnávatelia. Potreba celoživotného vzdelávania. Úspešný zamestnávateľ.

Gespeichert in:
Bibliographische Detailangaben
1. Verfasser: Rezlerová, Jaroslava
Format: Buchkapitel
Sprache:Tschechisch
Schlagworte:
Tags: Tag hinzufügen
Keine Tags, Fügen Sie das erste Tag hinzu!

MARC

LEADER 00000naa$a2200000$$$4500
001 0075244
005 20231113131356.5
041 0 |a cze 
044 |a CZ 
245 1 0 |a Kvalitní zaměstnavatel spokojený zaměstnanec  |c Jaroslava Rezlerová 
520 |a Čo robí zamestnávateľa kvalitným. Obavy zamestnancov. Starnutie populácie a zamestnávatelia. Potreba celoživotného vzdelávania. Úspešný zamestnávateľ. 
610 2 0 |a zamestnávatelia 
610 2 0 |a kvalita 
610 2 0 |a zamestnanci 
610 2 0 |a spokojnosť v práci 
610 2 0 |a starnutie populácie 
100 1 |a Rezlerová, Jaroslava